Music Quiz

Random Music or Clickable Quiz

One Word Lyric, One Word Song Title Quiz Stats

Quiz Updated Mar 12, 2016

Challenge
Share
Tweet
Score 0/20 Timer 05:00
7 Plays Today
% Correct
neighborhood
79.9%
heaven
79.4%
suddenly
73.3%
rivers
72.7%
pose
70.1%
diamonds
69.9%
boom
68.9%
weirdo
68.6%
bulletproof
67.2%
apocalypse
64%
% Correct
roof
64%
knees
63.8%
bullet
60.9%
factories
53.3%
thirteen
53.2%
muñequita
47.7%
fantabulous
42.7%
plane
41.5%
minute
35.7%
oranges
19.1%

You're not logged in!

Compare scores with friends on all Sporcle quizzes.
Sign Up with Email
OR
Log In

You Might Also Like...

Show Comments

Extras

Top Quizzes Today


Score Distribution

Your Account Isn't Verified!

In order to create a playlist on Sporcle, you need to verify the email address you used during registration. Go to your Sporcle Settings to finish the process.